Countries that end with e - Statistics

General Stats
  • This quiz has been taken 31 times
  • The average score is 7 of 13
Answer Stats
Answer % Correct
France
90%
Chile
86%
Belize
79%
Greece
76%
Singapore
59%
Suriname
59%
Ukraine
59%
Cape Verde
48%
Sao Tome and Principe
48%
Mozambique
38%
Sierra Leone
38%
Zimbabwe
38%
Timor Leste
17%
No matching quizzes found
Score Distribution
Percent of People with Each Score
Percentile by Number Answered
Your Score History
You have not taken this quiz